K-Pop Songs With Food in the Title - Statistics

General Stats
  • This quiz has been taken 839 times
    404 since last reset
  • The average score is 4 of 18
Answer Stats
Artist Hint Food % Correct
Red Velvet ___ _____ ____ Ice Cream Cake
84%
Hyuna Bubble ___! Pop
81%
T-Ara _____ Free Sugar
53%
Big Bang & 2NE1 ________ Lollipop
35%
BTS ______ Coffee
32%
Hyuna ___ _____ Ice Cream
27%
Zico ft. Don Mills Tough ______ Cookie
25%
AOA Cream I'm _____ Baby Jelly
22%
Lovelyz _____ Jelly Love Candy
21%
Gain ft. Jay Park _____ Apple
8%
Fiestar _____ ___ Apple Pie
8%
TINY-G ___ Baby Ice
8%
San E & Mad Clown Sour ______ Grapes
7%
Hello Venus Do You Want Some ___? Tea
7%
Kisum 2 ____ Beer
3%
Kang Nam ft. San E _________ Chocolate
3%
Dynamic Duo ___ Jam
2%
NC.A _______ _____ Vanilla Shake
2%
No matching quizzes found
Score Distribution
Percent of People with Each Score
Percentile by Number Answered
Your Score History
You have not taken this quiz since the last reset